Welcome to english; video guide /
Guardado en:
| Autor Principal: | |
|---|---|
| Formato: | Libro |
| Publicado: |
Estados Unidos de América :
Cambridge University,
1997
|
| Etiquetas: |
Agregar Etiqueta
Sin Etiquetas, Sea el primero en etiquetar este registro!
|
| LEADER | 00435nam a22001455a 4500 | ||
|---|---|---|---|
| 001 | CEM.cems009746 | ||
| 005 | 20060214000000.0 | ||
| 008 | 130507s1997##################000#0#####d | ||
| 003 | CEMS | ||
| 082 | 0 | 4 | |a 428.64 |
| 100 | 1 | |a Littlejohn, Andrew | |
| 245 | 1 | 0 | |a Welcome to english; video guide / |
| 260 | |a Estados Unidos de América : |b Cambridge University, |c 1997 | ||
| 300 | |a 70 p.1 | ||
| 859 | |a CEMS |b BIB. CEMS - 11 de abril |h 428.64 |i L732-3 |p 19873.98 |t Ej.1 | ||
